<?xml version="1.0" encoding="UTF-8"?>
<record
    xmlns:xsi="http://www.w3.org/2001/XMLSchema-instance"
    xsi:schemaLocation="http://www.loc.gov/MARC21/slim http://www.loc.gov/standards/marcxml/schema/MARC21slim.xsd"
    xmlns="http://www.loc.gov/MARC21/slim">

  <leader>02647nam a2200229Ia 4500</leader>
  <controlfield tag="003">OSt</controlfield>
  <controlfield tag="005">20250613165049.0</controlfield>
  <controlfield tag="008">210210b2012   xxu||||| |||| 00| 0 eng d</controlfield>
  <datafield tag="020" ind1=" " ind2=" ">
    <subfield code="c">9789381822197</subfield>
  </datafield>
  <datafield tag="040" ind1=" " ind2=" ">
    <subfield code="c">AL</subfield>
  </datafield>
  <datafield tag="041" ind1=" " ind2=" ">
    <subfield code="a">Kannada</subfield>
  </datafield>
  <datafield tag="082" ind1=" " ind2=" ">
    <subfield code="a">K894.2 GIRB</subfield>
  </datafield>
  <datafield tag="100" ind1=" " ind2=" ">
    <subfield code="a">GIRISH KARNAD</subfield>
    <subfield code="9">134545</subfield>
    <subfield code="d"> &#xC97;&#xCBF;&#xCB0;&#xCC0;&#xCB6;&#xCCD; &#xC95;&#xCBE;&#xCB0;&#xCCD;&#xCA8;&#xCBE;&#xCA1;&#xCCD;</subfield>
  </datafield>
  <datafield tag="245" ind1=" " ind2=" ">
    <subfield code="a">Benda kalu on Tost</subfield>
    <subfield code="b">&#xCAC;&#xCC6;&#xC82;&#xCA6; &#xC95;&#xCBE;&#xCB3;&#xCC1; &#xC86;&#xCA8;&#xCCD; &#xC9F;&#xCCB;&#xCB8;&#xCCD;&#xC9F;&#xCCD;</subfield>
  </datafield>
  <datafield tag="260" ind1=" " ind2=" ">
    <subfield code="a">Dharavada</subfield>
    <subfield code="b">Manohara Grantha Mala</subfield>
    <subfield code="c">2012</subfield>
  </datafield>
  <datafield tag="300" ind1=" " ind2=" ">
    <subfield code="a">xi,88</subfield>
  </datafield>
  <datafield tag="520" ind1=" " ind2=" ">
    <subfield code="a">&#xC97;&#xCBF;&#xCB0;&#xCC0;&#xCB6; &#xC95;&#xCBE;&#xCB0;&#xCCD;&#xCA8;&#xCBE;&#xCA1; &#xC85;&#xCB5;&#xCB0; &#xCB8;&#xCAE;&#xC95;&#xCBE;&#xCB2;&#xCC0;&#xCA8; &#xCAC;&#xCC6;&#xC82;&#xC97;&#xCB3;&#xCC2;&#xCB0;&#xCC1; &#xCAC;&#xCA6;&#xCC1;&#xC95;&#xCA8;&#xCCD;&#xCA8;&#xCC1; &#xC86;&#xCA7;&#xCB0;&#xCBF;&#xCB8;&#xCBF; &#xCB0;&#xC9A;&#xCBF;&#xCB8;&#xCBF;&#xCA6; &#xCA8;&#xCBE;&#xC9F;&#xC95;. &#xC88; &#xCA8;&#xCBE;&#xC9F;&#xC95;&#xCA6; &#xCAC;&#xC97;&#xCCD;&#xC97;&#xCC6; &#xCB9;&#xCBF;&#xCB0;&#xCBF;&#xCAF; &#xCB0;&#xC82;&#xC97;&#xCA4;&#xC9C;&#xCCD;&#xC9E; &#xC95;&#xCC6;. &#xCAE;&#xCB0;&#xCC1;&#xCB3;&#xCB8;&#xCBF;&#xCA6;&#xCCD;&#xCA6;&#xCAA;&#xCCD;&#xCAA; &#xC85;&#xCB5;&#xCB0;&#xCC1; &#x2019;&#xCAC;&#xCC6;&#xC82;&#xC97;&#xCB3;&#xCC2;&#xCB0;&#xCC1; &#xCAE;&#xCB9;&#xCBE;&#xCA8;&#xC97;&#xCB0;&#xCA6; &#xC92;&#xCA1;&#xCB2;&#xCBF;&#xCA8;&#xCB2;&#xCCD;&#xCB2;&#xCBF; &#xCB9;&#xCC1;&#xCA6;&#xCC1;&#xC97;&#xCBF;&#xCB0;&#xCC1;&#xCB5; &#xC89;&#xCA6;&#xCCD;&#xCB5;&#xCBF;&#xC97;&#xCCD;&#xCA8;&#xCA4;&#xCC6;, &#xCA8;&#xCCB;&#xCB5;&#xCC1;-&#xCA8;&#xCB2;&#xCBF;&#xCB5;&#xCA8;&#xCCD;&#xCA8;&#xCC1; &#xCAE;&#xCB0;&#xCC6;-&#xCAE;&#xCCB;&#xCB8;&#xCB5;&#xCA8;&#xCCD;&#xCA8;&#xCC1;, &#xCA4;&#xCB2;&#xCB8;&#xCCD;&#xCAA;&#xCB0;&#xCCD;&#xCB6;&#xCBF;&#xCAF;&#xCBE;&#xC97;&#xCBF; &#xC9A;&#xCBF;&#xCA4;&#xCCD;&#xCB0;&#xCBF;&#xCB8;&#xCC1;&#xCA4;&#xCCD;&#xCA4;&#xCBF;&#xCB0;&#xCC1;&#xCB5; &#xC88; &#xCA8;&#xCBE;&#xC9F;&#xC95;&#xCA6; &#xCB8;&#xCBE;&#xCAE;&#xCBE;&#xC9C;&#xCBF;&#xC95; &#xCB5;&#xCCD;&#xCAF;&#xCBE;&#xCAA;&#xCCD;&#xCA4;&#xCBF;, &#xCB5;&#xCBF;&#xCB8;&#xCCD;&#xCA4;&#xCBE;&#xCB0;, &#xCAC;&#xCC6;&#xCB0;&#xC97;&#xCC1; &#xCB9;&#xCC1;&#xC9F;&#xCCD;&#xC9F;&#xCBF;&#xCB8;&#xCC1;&#xCB5;&#xC82;&#xCA4;&#xCBF;&#xCA6;&#xCC6;. &#xCA8;&#xCBF;&#xCB0;&#xCCD;&#xCA6;&#xCBF;&#xCB7;&#xCCD;&#xC9F;&#xCB5;&#xCBE;&#xC97;&#xCBF; &#xCAC;&#xCC6;&#xC82;&#xC97;&#xCB3;&#xCC2;&#xCB0;&#xCBF;&#xCA8; &#xCAC;&#xCA6;&#xCC1;&#xC95;&#xCBF;&#xC97;&#xCC6; &#xCB8;&#xC82;&#xCAC;&#xC82;&#xCA7;&#xCBF;&#xCB8;&#xCBF;&#xCB0;&#xCC1;&#xCB5;&#xC82;&#xCA4;&#xCBF;&#xCA6;&#xCCD;&#xCA6;&#xCB0;&#xCC2;, &#xC88; &#xCA8;&#xCBE;&#xC9F;&#xC95;&#xCA6; &#xC95;&#xCA8;&#xCCD;&#xCA8;&#xCA1;&#xCBF;&#xCAF;&#xCB2;&#xCCD;&#xCB2;&#xCBF; &#xCAD;&#xCBE;&#xCB0;&#xCA4;&#xCA6; &#xCAF;&#xCBE;&#xCB5;&#xCC1;&#xCA6;&#xCC7; &#xCAE;&#xCB9;&#xCBE;&#xCA8;&#xC97;&#xCB0; &#xC95;&#xCBE;&#xCA3;&#xCBF;&#xCB8;&#xCC1;&#xCB5;&#xC82;&#xCA4;&#xCBF;&#xCA6;&#xCC6;. &#xCA6;&#xCBF;&#xC97;&#xCCD;&#xCAD;&#xCCD;&#xCB0;&#xCAE;&#xCC6; &#xC95;&#xCB5;&#xCBF;&#xCB8;&#xCC1;&#xCB5;&#xC82;&#xCA4;&#xCC6; &#xCAC;&#xCC6;&#xCB3;&#xCC6;&#xCAF;&#xCC1;&#xCA4;&#xCCD;&#xCA4;&#xCBF;&#xCB0;&#xCC1;&#xCB5; &#xCAE;&#xCB9;&#xCBE;&#xCA8;&#xC97;&#xCB0;&#xC97;&#xCB3;&#xCC1; &#xCAC;&#xCBF;&#xCA4;&#xCCD;&#xCA4;&#xCC1;&#xCA4;&#xCCD;&#xCA4;&#xCBF;&#xCB0;&#xCC1;&#xCB5; &#xC95;&#xCA8;&#xCB8;&#xCC1;, &#xCA8;&#xCBF;&#xCB0;&#xCBE;&#xCB8;&#xCC6;, &#xC95;&#xC82;&#xCAC;&#xCA8;&#xCBF;, &#xCB9;&#xCBE;&#xCB8;&#xCCD;&#xCAF; &#xCB8;&#xC82;&#xCAD;&#xCCD;&#xCB0;&#xCAE;&#xC97;&#xCB3;&#xCC6;&#xCB2;&#xCCD;&#xCB2; &#xC87;&#xCB2;&#xCCD;&#xCB2;&#xCBF;&#xCB5;&#xCC6;.

'&#xCAC;&#xCC6;&#xC82;&#xCA6; &#xC95;&#xCBE;&#xCB3;&#xCC1; &#xC86;&#xCA8;&#xCCD; &#xC9F;&#xCCB;&#xCB8;&#xCCD;&#xC9F;&#xCCD;', &#xCB8;&#xC82;&#xCAA;&#xCC2;&#xCB0;&#xCCD;&#xCA3;&#xCB5;&#xCBE;&#xC97;&#xCBF; &#xC87;&#xCAA;&#xCCD;&#xCAA;&#xCA4;&#xCCD;&#xCA4;&#xCCA;&#xC82;&#xCA6;&#xCA8;&#xCC6;&#xCAF; &#xCB6;&#xCA4;&#xCAE;&#xCBE;&#xCA8;&#xC95;&#xCCD;&#xC95;&#xCC6; &#xCB8;&#xCC7;&#xCB0;&#xCBF;&#xCA6; &#xCA8;&#xCBE;&#xC9F;&#xC95;.. &#xC97;&#xC9F;&#xCCD;&#xC9F;&#xCBF;&#xCAE;&#xCC1;&#xC9F;&#xCCD;&#xC9F;&#xCBE;&#xCA6; &#xCB5;&#xCB8;&#xCCD;&#xCA4;&#xCC1; &#xCB0;&#xC9A;&#xCA8;&#xCC6;, &#xCB8;&#xCBE;&#xCB9;&#xCBF;&#xCA4;&#xCCD;&#xCA4;&#xCAF; &#xCB0;&#xC9A;&#xCA8;&#xCC6;&#xCAF; &#xCAE;&#xCC2;&#xCB2;&#xC95;&#xCB5;&#xCC7; &#xC85;&#xCA4;&#xCCD;&#xCAF;&#xC82;&#xCA4; &#xCB8;&#xC82;&#xC95;&#xCC0;&#xCB0;&#xCCD;&#xCA3;&#xCB5;&#xCBE;&#xCA6; &#xC87;&#xC82;&#xCA6;&#xCBF;&#xCA8; &#xCAC;&#xCA6;&#xCC1;&#xC95;&#xCA8;&#xCCD;&#xCA8;&#xCC1; &#xC95;&#xC9F;&#xCCD;&#xC9F;&#xCBF; &#xC95;&#xCCA;&#xCA1;&#xCB2;&#xCBE;&#xC97;&#xCBF;&#xCA6;&#xCC6; &#xC8E;&#xC82;&#xCAC;&#xCC1;&#xCA6;&#xCC7; &#xC87;&#xCB2;&#xCCD;&#xCB2;&#xCBF; &#xCAE;&#xCB9;&#xCA4;&#xCCD;&#xCB5;&#xCA6; &#xCB5;&#xCBF;&#xC9A;&#xCBE;&#xCB0;&#xCB5;&#xCBE;&#xC97;&#xCC1;&#xCA4;&#xCCD;&#xCA4;&#xCA6;&#xCC6;&#x2019; &#xC8E;&#xC82;&#xCA6;&#xCC1; &#xCAE;&#xCC6;&#xC9A;&#xCCD;&#xC9A;&#xCC1;&#xC97;&#xCC6; &#xCAE;&#xCBE;&#xCA4;&#xCC1;&#xC97;&#xCB3;&#xCA8;&#xCCD;&#xCA8;&#xCBE;&#xCA1;&#xCBF;&#xCA6;&#xCCD;&#xCA6;&#xCBE;&#xCB0;&#xCC6;.

</subfield>
  </datafield>
  <datafield tag="650" ind1=" " ind2=" ">
    <subfield code="a">Boiled Beans on Toast</subfield>
    <subfield code="9">134546</subfield>
  </datafield>
  <datafield tag="690" ind1=" " ind2=" ">
    <subfield code="a">Kannada Drama</subfield>
    <subfield code="9">134547</subfield>
  </datafield>
  <datafield tag="906" ind1=" " ind2=" ">
    <subfield code="a">067332</subfield>
  </datafield>
  <datafield tag="942" ind1=" " ind2=" ">
    <subfield code="2">ddc</subfield>
    <subfield code="c">BK</subfield>
  </datafield>
  <datafield tag="999" ind1=" " ind2=" ">
    <subfield code="c">149684</subfield>
    <subfield code="d">149684</subfield>
  </datafield>
  <datafield tag="952" ind1=" " ind2=" ">
    <subfield code="0">0</subfield>
    <subfield code="1">0</subfield>
    <subfield code="2">ddc</subfield>
    <subfield code="4">0</subfield>
    <subfield code="7">0</subfield>
    <subfield code="8">KAN</subfield>
    <subfield code="a">AL</subfield>
    <subfield code="b">AL</subfield>
    <subfield code="c">Kannada Literature</subfield>
    <subfield code="d">2021-02-17</subfield>
    <subfield code="e">Navasiri Prakashana, Mangalore</subfield>
    <subfield code="g">70.00</subfield>
    <subfield code="l">0</subfield>
    <subfield code="o">K894.2 GIRB</subfield>
    <subfield code="p">067332</subfield>
    <subfield code="r">2021-02-17 00:00:00</subfield>
    <subfield code="w">2021-02-17</subfield>
    <subfield code="y">BK</subfield>
  </datafield>
</record>
